[Event "33.Schlosspark-Open"]
[Site "Wiesbaden-Biebrich"]
[Date "2024.08.23"]
[Round "2.24"]
[White "Dietze, Frank"]
[Black "Berberich, Christoph"]
[Result "1-0"]
[WhiteElo "2090"]
[BlackElo "1904"]
[PlyCount "115"]
[EventDate "2024.08.22"]
[WhiteTeam "Wiesbadener SV 1885"]
[BlackTeam "SK Freiburg-Zähringen 1887 e.V."]

1. d4 Nf6 2. c4 c5 3. d5 b5 4. cxb5 a6 5. e3 g6 6. Nc3 Bg7 7. Nf3 O-O 8. a4 Bb7 9. Ra3 e6 10. Bc4 axb5 11. axb5 Rxa3 12. bxa3 exd5 13. Nxd5 Nxd5 14. Bxd5 Bxd5 15. Qxd5 Qa5+ 16. Nd2 Qxb5 17. Nc4 Bc3+ 18. Ke2 Nc6 19. Qd3 Bg7 20. Nd6 Qb6 21. Rd1 Nd4+ 22. exd4 Qxd6 23. dxc5 Qxc5 24. Kf1 Rd8 25. Qd5 Bf8 26. a4 Qxd5 27. Rxd5 Ra8 28. Rd4 Bc5 29. Rc4 d6 30. Bd2 f5 31. Ke2 Kf7 32. Kd3 Ke6 33. f3 Kd5 34. h4 Kc6 35. Be3 Kd5 36. Bd2 Kc6 37. a5 d5 38. Rc1 Kb5 39. Rb1+ Kc6 40. h5 Ra6 41. Re1 Kd7 42. Re5 Rd6 43. g4 fxg4 44. fxg4 Kc6 45. Re7 gxh5 46. gxh5 Rf6 47. Rxh7 Rf3+ 48. Ke2 Rf2+ 49. Ke1 Rh2 50. h6 Rh1+ 51. Ke2 Rh2+ 52. Kd3 Rh3+ 53. Kc2 Rh2 54. a6 Be3 55. Kd3 Rxd2+ 56. Kxe3 Ra2 57. Rg7 Kb6 58. a7 1-0

[Event "33.Schlosspark-Open"]
[Site "Wiesbaden-Biebrich"]
[Date "2024.08.23"]
[Round "2.25"]
[White "Musiienko, Platon"]
[Black "Reschke, Thomas"]
[Result "1/2-1/2"]
[WhiteElo "1913"]
[BlackElo "2086"]
[PlyCount "28"]
[EventDate "2024.08.22"]
[WhiteTeam "Wiesbadener SV 1885"]
[BlackTeam "SC Frankfurt-West"]

1. e4 g6 2. d4 Bg7 3. Nc3 c6 4. f4 d5 5. e5 Qb6 6. Na4 Qc7 7. Nf3 f6 8. Be3 Nh6 9. Qd2 Bg4 10. Be2 Nd7 11. h3 Bxf3 12. Bxf3 fxe5 13. fxe5 Nf5 14. Bf4 e6 1/2-1/2

[Event "33.Schlosspark-Open"]
[Site "Wiesbaden-Biebrich"]
[Date "2024.08.23"]
[Round "2.26"]
[White "Makilla, Tobias"]
[Black "Regis, Georg"]
[Result "0-1"]
[WhiteElo "1910"]
[BlackElo "2079"]
[PlyCount "108"]
[EventDate "2024.08.22"]
[WhiteTeam "SC 1979 Hattersheim"]
[BlackTeam "Vorw.Orient Mainz"]

1. e4 c6 2. c4 d5 3. cxd5 cxd5 4. exd5 Nf6 5. Qa4+ Nbd7 6. Nc3 g6 7. Nf3 Bg7 8. Bc4 O-O 9. Qb3 Nc5 10. Qa3 b6 11. O-O Bb7 12. d4 Nce4 13. Re1 Nd6 14. Bb3 a6 15. Bf4 Rc8 16. Rxe7 Qxe7 17. Bxd6 Qd8 18. Bxf8 Bxf8 19. Qa4 b5 20. Nxb5 axb5 21. Qxb5 Rb8 22. Qe2 Bd6 23. Ne5 Qe7 24. Re1 Bxd5 25. Bxd5 Nxd5 26. Qc4 Qb7 27. b3 Qb4 28. Qc1 Re8 29. Nf3 Rxe1+ 30. Qxe1 Qxe1+ 31. Nxe1 Nc3 32. a4 Ne2+ 33. Kf1 Nxd4 34. a5 Nxb3 35. a6 Bb8 36. Nd3 Ba7 37. Nb4 Nd4 38. Ke1 Kf8 39. Kd2 Ke7 40. Kd3 Kd6 41. Kc4 Nc6 42. Nd3 Ne5+ 43. Nxe5 Kxe5 44. f3 h5 45. Kd3 g5 46. g3 f5 47. Ke2 Kd4 48. Kd2 f4 49. Ke2 Kc3 50. Kf1 h4 51. Kg2 Kd3 52. Kh3 hxg3 53. hxg3 Ke3 54. Kg4 Bb6 0-1

[Event "33.Schlosspark-Open"]
[Site "Wiesbaden-Biebrich"]
[Date "2024.08.23"]
[Round "2.27"]
[White "Weber, Nikita"]
[Black "Kolker, Vladislav"]
[Result "1-0"]
[WhiteElo "2078"]
[BlackElo "1886"]
[PlyCount "37"]
[EventDate "2024.08.22"]
[WhiteTeam "Vorw.Orient Mainz"]
[BlackTeam "SC Bad Nauheim"]

1. Nf3 d6 2. d4 e5 3. dxe5 Nc6 4. exd6 Bxd6 5. Nc3 Bg4 6. Bg5 f6 7. Bh4 Qe7 8. Nd4 O-O-O 9. Nxc6 bxc6 10. Qd4 h5 11. Qxa7 Nh6 12. Qa6+ Kd7 13. Bg3 Nf5 14. Bxd6 Nxd6 15. O-O-O Bf5 16. Qa5 Be6 17. Ne4 Ra8 18. Nc5+ Kc8 19. Qxa8# 1-0

[Event "33.Schlosspark-Open"]
[Site "Wiesbaden-Biebrich"]
[Date "2024.08.23"]
[Round "2.28"]
[White "Sreeramulu, Aarush"]
[Black "Mann, Gergely"]
[Result "1/2-1/2"]
[WhiteElo "1905"]
[BlackElo "2062"]
[PlyCount "77"]
[EventDate "2024.08.22"]
[WhiteTeam "SK Marburg 1931/72"]
[BlackTeam "SF Essen-Werden 1924/"]

1. d4 Nf6 2. c4 e6 3. Nc3 Bb4 4. Qc2 d5 5. cxd5 exd5 6. Bg5 h6 7. Bh4 c5 8. e3 cxd4 9. exd4 Nc6 10. Bb5 O-O 11. Nge2 Bg4 12. O-O Rc8 13. Qd3 g5 14. Bg3 Qd7 15. a3 Ba5 16. b4 Bb6 17. Be5 Qe6 18. Bxf6 Bxe2 19. Qxe2 Nxd4 20. Bxd4 Bxd4 21. Qxe6 fxe6 22. Nxd5 exd5 23. Rad1 Bb6 24. Bd7 Rc2 25. Be6+ Kg7 26. Bxd5 Rcxf2 27. Rxf2 Rxf2 28. Kh1 Kf6 29. Bxb7 Ra2 30. Bc6 Rxa3 31. b5 h5 32. Be8 Rb3 33. Re1 Kf5 34. Rf1+ Ke4 35. Bg6+ Kd4 36. Be8 h4 37. h3 Re3 38. Bc6 Kd3 39. Rf3 1/2-1/2

[Event "33.Schlosspark-Open"]
[Site "Wiesbaden-Biebrich"]
[Date "2024.08.23"]
[Round "2.29"]
[White "Heindrich, Mark"]
[Black "Schmitt, Clemens"]
[Result "1-0"]
[WhiteElo "2058"]
[BlackElo "1868"]
[PlyCount "75"]
[EventDate "2024.08.22"]
[WhiteTeam "SAbt TuS Dotzheim"]
[BlackTeam "SV Bergwinkel"]

1. e4 c5 2. c3 Nf6 3. e5 Nd5 4. Nf3 Nc6 5. Bb5 g6 6. O-O Bg7 7. Re1 O-O 8. d4 cxd4 9. cxd4 d6 10. h3 Bf5 11. Nbd2 Qb6 12. Qa4 Ncb4 13. Nc4 Qc7 14. Ne3 a6 15. Nxd5 Nxd5 16. Bf1 b5 17. Qb3 Qb7 18. Bd2 Rac8 19. Rac1 Nb6 20. exd6 exd6 21. Bb4 Rxc1 22. Rxc1 Rd8 23. Ba5 Re8 24. a4 Be6 25. Qb4 Nd5 26. Qxd6 bxa4 27. Qc6 Rb8 28. Qxa4 Qxb2 29. Re1 h6 30. Bd3 Qb3 31. Bc2 Qxa4 32. Bxa4 Bf6 33. Ra1 Nc3 34. Bxc3 Rc8 35. Bd2 g5 36. Be3 Rb8 37. Bc6 Bc4 38. Ne5 1-0

[Event "33.Schlosspark-Open"]
[Site "Wiesbaden-Biebrich"]
[Date "2024.08.23"]
[Round "2.30"]
[White "Reitz, Philipp"]
[Black "Shanawaz Thabrez, Shahzaib"]
[Result "1-0"]
[WhiteElo "2039"]
[BlackElo "1857"]
[PlyCount "47"]
[EventDate "2024.08.22"]
[WhiteTeam "VfR-SC Koblenz"]
[BlackTeam "SK Langen"]

1. Nf3 Nf6 2. g3 d5 3. Bg2 c5 4. O-O Nc6 5. d4 cxd4 6. Nxd4 e5 7. Nxc6 bxc6 8. c4 Be7 9. Nc3 Be6 10. Qa4 O-O 11. Rd1 Qd6 12. Bg5 Nd7 13. Bxe7 Qxe7 14. cxd5 cxd5 15. Nxd5 Bxd5 16. Bxd5 Nb6 17. Qe4 Nxd5 18. Rxd5 Rfe8 19. Rad1 Qb7 20. b3 h6 21. Qf5 g6 22. Qf6 Re6 23. Rd8+ Re8 24. R1d7 1-0

[Event "33.Schlosspark-Open"]
[Site "Wiesbaden-Biebrich"]
[Date "2024.08.23"]
[Round "2.31"]
[White "Schubert, Wolfgang"]
[Black "Puschendorf, Steffen"]
[Result "1-0"]
[WhiteElo "1894"]
[BlackElo "2041"]
[PlyCount "85"]
[EventDate "2024.08.22"]
[WhiteTeam "Hannover"]
[BlackTeam "ESV Gera"]

1. e4 e6 2. d4 d5 3. Nd2 c5 4. exd5 exd5 5. dxc5 Bxc5 6. Nb3 Bb6 7. Nf3 Nc6 8. c3 Nf6 9. Be2 O-O 10. O-O Re8 11. Bg5 h6 12. Bh4 g5 13. Bg3 Ne4 14. Nfd4 f5 15. f3 Nxg3 16. hxg3 f4 17. g4 a5 18. Bb5 Bd7 19. a4 Nxd4 20. Nxd4 Bxb5 21. axb5 Qf6 22. Ra4 Rad8 23. Re1 Re5 24. Kf1 Rde8 25. Rxe5 Qxe5 26. b4 axb4 27. Rxb4 Rc8 28. Qd3 Kf8 29. Rb1 Re8 30. Rd1 Bc5 31. Qf5+ Kg7 32. Qd7+ Kg8 33. Kg1 Re7 34. Qc8+ Kf7 35. Qxc5 Rc7 36. Qb4 Rc4 37. Qb2 Qe3+ 38. Qf2 Qxf2+ 39. Kxf2 Rxc3 40. Nf5 Rc2+ 41. Kf1 Rc5 42. b6 Rb5 43. Nd6+ 1-0

[Event "33.Schlosspark-Open"]
[Site "Wiesbaden-Biebrich"]
[Date "2024.08.23"]
[Round "2.32"]
[White "Derr, Oleg"]
[Black "Fang, Borui"]
[Result "1-0"]
[WhiteElo "1943"]
[BlackElo "1720"]
[PlyCount "59"]
[EventDate "2024.08.22"]
[WhiteTeam "VSG 1880 Offenbach"]
[BlackTeam "SV Oberursel"]

1. e4 e5 2. Nf3 Nc6 3. Bc4 Nf6 4. d3 Bc5 5. a4 a5 6. Be3 Bxe3 7. fxe3 d5 8. exd5 Nxd5 9. Qd2 Be6 10. Bb5 f6 11. Nc3 O-O 12. O-O Nce7 13. Ne4 c6 14. Bc4 Bf7 15. d4 exd4 16. exd4 Ng6 17. Rae1 Qc7 18. c3 Rad8 19. g3 Nb6 20. Bxf7+ Rxf7 21. Nc5 Nf8 22. Qf2 Nd5 23. Nh4 b6 24. Ne4 g6 25. c4 Nb4 26. Nxf6+ Kg7 27. Re3 g5 28. Nf5+ Kxf6 29. Nd6+ Kg7 30. Nxf7 1-0

[Event "33.Schlosspark-Open"]
[Site "Wiesbaden-Biebrich"]
[Date "2024.08.23"]
[Round "2.33"]
[White "Guddat, Jörn"]
[Black "Lenz, Joshua"]
[Result "0-1"]
[WhiteElo "1890"]
[BlackElo "2038"]
[PlyCount "98"]
[EventDate "2024.08.22"]
[WhiteTeam "SV Eichlinghofen 1935"]
[BlackTeam "TSV Schott Mainz"]

1. d4 d5 2. c4 e5 3. dxe5 Ne7 4. Nf3 Nbc6 5. a3 Be6 6. cxd5 Qxd5 7. Qxd5 Nxd5 8. e3 O-O-O 9. Bd2 h6 10. Bb5 g5 11. Bxc6 bxc6 12. Nc3 Bg7 13. Nd4 Ne7 14. Nce2 Bxe5 15. Nxe6 fxe6 16. Bc3 Ng6 17. Bxe5 Nxe5 18. Nd4 Rd6 19. Rc1 Nd3+ 20. Ke2 Nxc1+ 21. Rxc1 Kb7 22. Rc5 Rhd8 23. b4 Rd5 24. Nxe6 Rd2+ 25. Kf3 R8d6 26. Nd4 Ra2 27. b5 Kb6 28. Rf5 c5 29. Nb3 c4 30. Nd4 c3 31. a4 Rxa4 32. Ke2 Raxd4 33. exd4 Rxd4 34. Rf3 Rc4 35. Kd1 c2+ 36. Kc1 Kxb5 37. Rf6 a5 38. Rxh6 a4 39. Rh8 a3 40. Rb8+ Ka4 41. Ra8+ Kb3 42. Rb8+ Ka2 43. Rb5 c5 44. f3 Rb4 45. Rxc5 Kb3 46. Ra5 a2 47. Ra7 Ra4 48. Rb7+ Ka3 49. Kxc2 a1=Q 0-1

[Event "33.Schlosspark-Open"]
[Site "Wiesbaden-Biebrich"]
[Date "2024.08.23"]
[Round "2.34"]
[White "Henrich, David"]
[Black "Spiegel, Nina"]
[Result "1-0"]
[WhiteElo "2035"]
[BlackElo "1685"]
[PlyCount "111"]
[EventDate "2024.08.22"]
[WhiteTeam "SK 1980 Gernsheim"]
[BlackTeam "Sfr Stiller Zug Wiesbaden"]

1. c4 c5 2. g3 Nf6 3. Bg2 Nc6 4. Nc3 g6 5. Nf3 Bg7 6. d4 cxd4 7. Nxd4 O-O 8. O-O Nxd4 9. Qxd4 d6 10. Qh4 h5 11. Bg5 Re8 12. Qf4 Bd7 13. Bh6 Bh8 14. h3 Qc8 15. Kh2 Be6 16. b3 Ng4+ 17. hxg4 Bxc3 18. gxh5 Be5 19. Qe3 Bxa1 20. Rxa1 Qc5 21. Qxc5 dxc5 22. hxg6 fxg6 23. Bxb7 Rab8 24. Bc6 Rec8 25. Bf4 Rb6 26. Be4 Bf5 27. Bd5+ Kf8 28. Kg2 Ke8 29. Rd1 Bd7 30. Kg1 Bc6 31. Be6 Rd8 32. Bf7+ Kxf7 33. Rxd8 Ra6 34. Rd2 Bb7 35. f3 Kf6 36. g4 g5 37. Bg3 e5 38. Bf2 e4 39. Bxc5 exf3 40. exf3 Bxf3 41. Rf2 Ke5 42. Rxf3 Rxa2 43. Rf5+ Ke4 44. Rxg5 Kf3 45. Rf5+ Kxg4 46. Rf2 Ra1+ 47. Rf1 Ra2 48. Rf7 a5 49. Bf2 Kh3 50. Rf3+ Kg4 51. Rc3 Ra3 52. c5 a4 53. c6 axb3 54. c7 Ra8 55. c8=Q+ Rxc8 56. Rxc8 1-0

[Event "33.Schlosspark-Open"]
[Site "Wiesbaden-Biebrich"]
[Date "2024.08.23"]
[Round "2.35"]
[White "Hoffmann, Christian"]
[Black "Seidel, Jürgen"]
[Result "1-0"]
[WhiteElo "1879"]
[BlackElo "2031"]
[PlyCount "75"]
[EventDate "2024.08.22"]
[WhiteTeam "SAbt BKA Wiesbaden"]
[BlackTeam "SV 1920 Hofheim"]

1. e4 d6 2. d4 Nf6 3. Nc3 Nbd7 4. Nf3 e5 5. Bc4 Be7 6. O-O O-O 7. Qe2 c6 8. a4 a5 9. h3 Qc7 10. Be3 exd4 11. Nxd4 Nc5 12. Qf3 Nfd7 13. Qg3 Nb6 14. Be2 Bf6 15. f4 Re8 16. Bd3 Qe7 17. Nde2 Nbd7 18. Qf3 Bxc3 19. Nxc3 d5 20. e5 Nxd3 21. cxd3 Nf8 22. Qf2 f5 23. Bc5 Qd8 24. Bxf8 Rxf8 25. d4 Be6 26. Rfc1 Rf7 27. Qd2 h6 28. Nd1 g5 29. g3 Rg7 30. Kh2 Kh8 31. Nf2 Qe8 32. Nd3 Qh5 33. Ra3 Rag8 34. Rc5 Qe8 35. Rxa5 b6 36. Ra6 Qd8 37. a5 Rb7 38. Rb3 1-0

[Event "33.Schlosspark-Open"]
[Site "Wiesbaden-Biebrich"]
[Date "2024.08.23"]
[Round "2.36"]
[White "Nicolai, Tim"]
[Black "Joshi, Kanad"]
[Result "1-0"]
[WhiteElo "2019"]
[BlackElo "1672"]
[PlyCount "53"]
[EventDate "2024.08.22"]
[WhiteTeam "SV Empor Erfurt"]
[BlackTeam "SV Oberursel"]

1. e4 e5 2. Bc4 Nf6 3. d3 Bc5 4. Nc3 O-O 5. f4 Nc6 6. f5 Na5 7. Bg5 h6 8. Bh4 Nxc4 9. dxc4 Be7 10. Qf3 Nh7 11. Bxe7 Qxe7 12. h4 Qb4 13. O-O-O Qxc4 14. g4 f6 15. Nh3 Qf7 16. Rhg1 g5 17. fxg6 Qxg6 18. Nd5 Qg7 19. Nxc7 Rb8 20. Rd6 Qe7 21. Qd3 a6 22. g5 hxg5 23. hxg5 fxg5 24. Nxg5 Kh8 25. Rh6 Rf7 26. Nxh7 Rxh7 27. Qg3 1-0

[Event "33.Schlosspark-Open"]
[Site "Wiesbaden-Biebrich"]
[Date "2024.08.23"]
[Round "2.38"]
[White "Gärtner, David"]
[Black "Waffenschmidt, Joachim"]
[Result "0-1"]
[WhiteElo "1661"]
[BlackElo "2008"]
[PlyCount "56"]
[EventDate "2024.08.22"]
[WhiteTeam "Sfr.Mainz 1928"]
[BlackTeam "SV 1920 Hofheim"]

1. d4 d5 2. c4 c6 3. Nf3 Nf6 4. Nc3 e6 5. Bg5 Nbd7 6. e3 Qa5 7. Nd2 Ne4 8. Ndxe4 dxe4 9. Bf4 Bb4 10. Qc2 O-O 11. a3 Re8 12. Rc1 Bxc3+ 13. Qxc3 Qf5 14. Be2 e5 15. dxe5 Nxe5 16. Rd1 Ng6 17. Bg3 h5 18. h3 h4 19. Bh2 Qg5 20. Rg1 Be6 21. Rd2 Rad8 22. Bc7 Rxd2 23. Qxd2 Bxh3 24. Qa5 Ne5 25. Kf1 Bg4 26. Qxa7 Bxe2+ 27. Kxe2 Qg4+ 28. Kd2 Qd7+ 0-1

[Event "33.Schlosspark-Open"]
[Site "Wiesbaden-Biebrich"]
[Date "2024.08.23"]
[Round "2.39"]
[White "Eveleens, Wim"]
[Black "Stojanoski, Stefan"]
[Result "1-0"]
[WhiteElo "1999"]
[BlackElo "1587"]
[PlyCount "63"]
[EventDate "2024.08.22"]
[WhiteTeam "SV Amstel"]
[BlackTeam "SAbt TuS Makkabi Ffm"]

1. c4 e5 2. g3 Nf6 3. Bg2 Bc5 4. Nc3 Nc6 5. e3 O-O 6. Nge2 Bb4 7. O-O b6 8. d4 exd4 9. exd4 Bb7 10. Bg5 h6 11. Bxf6 Qxf6 12. Nd5 Qd6 13. a3 Bxa3 14. bxa3 Na5 15. Qc2 Bxd5 16. Bxd5 c6 17. Bg2 Rfe8 18. c5 bxc5 19. dxc5 Qe5 20. Nf4 Nb7 21. Nd3 Qf5 22. Qc3 Rac8 23. Rfe1 Rxe1+ 24. Rxe1 d6 25. cxd6 Nxd6 26. a4 Rd8 27. Nf4 g5 28. Nh5 Qg6 29. g4 Rc8 30. Qd4 c5 31. Nf6+ Kg7 32. Ne8+ 1-0

[Event "33.Schlosspark-Open"]
[Site "Wiesbaden-Biebrich"]
[Date "2024.08.23"]
[Round "2.40"]
[White "Shanmuganathan, Adhav"]
[Black "von Auer, Ulrich"]
[Result "0-1"]
[WhiteElo "1590"]
[BlackElo "1996"]
[PlyCount "44"]
[EventDate "2024.08.22"]
[WhiteTeam "SV 1934 Ffm-Griesheim"]
[BlackTeam "SV Oberursel"]

1. e4 e6 2. b3 d5 3. Bb2 Nc6 4. exd5 exd5 5. d3 Nf6 6. Qe2+ Be6 7. Nd2 Bc5 8. Ngf3 Qe7 9. O-O-O Ba3 10. Re1 O-O 11. h3 a5 12. Nb1 Bxb2+ 13. Kxb2 a4 14. Rd1 Ra5 15. Rd2 Rfa8 16. Ka1 d4 17. g4 axb3 18. cxb3 Bxb3 19. Na3 Qxa3 20. Kb1 Bxa2+ 21. Kc2 Bb3+ 22. Kb1 Qa1# 0-1

[Event "33.Schlosspark-Open"]
[Site "Wiesbaden-Biebrich"]
[Date "2024.08.23"]
[Round "2.41"]
[White "Perske, Paul"]
[Black "Liu, Jonas"]
[Result "1-0"]
[WhiteElo "2110"]
[BlackElo "1551"]
[PlyCount "63"]
[EventDate "2024.08.22"]
[WhiteTeam "Sfr.Heidesheim"]
[BlackTeam "SV Oberursel"]

1. d4 Nf6 2. c4 d6 3. Nf3 g6 4. Nc3 Bg7 5. e4 O-O 6. Be2 Nbd7 7. O-O e5 8. Be3 exd4 9. Nxd4 Nc5 10. f3 a5 11. Qd2 c6 12. Rad1 Qc7 13. Nc2 Ne8 14. Rfe1 Be6 15. Bf1 b6 16. Nd4 Bd7 17. g3 Rd8 18. Bg2 Nf6 19. Kh1 Rfe8 20. Bg5 Bc8 21. Ndb5 cxb5 22. Bxf6 bxc4 23. Nd5 Qb8 24. Bxd8 Rxd8 25. Ne7+ Kh8 26. Nc6 Qc7 27. Nxd8 Qxd8 28. Qxd6 Qxd6 29. Rxd6 Nd3 30. Rd8+ Bf8 31. Rxf8+ Kg7 32. Rxc8 1-0

[Event "33.Schlosspark-Open"]
[Site "Wiesbaden-Biebrich"]
[Date "2024.08.23"]
[Round "2.42"]
[White "Donecker, Stefan"]
[Black "Gundlach, Michael"]
[Result "1/2-1/2"]
[WhiteElo "1770"]
[BlackElo "2100"]
[PlyCount "52"]
[EventDate "2024.08.22"]
[WhiteTeam "SAbt TuS Dotzheim"]
[BlackTeam "Sfr.Mainz 1928"]

1. Nc3 d6 2. e4 Nf6 3. f4 g6 4. Nf3 Bg7 5. Be2 O-O 6. O-O c5 7. d3 Nc6 8. Qe1 Rb8 9. Qh4 b5 10. Bd1 b4 11. Ne2 Bg4 12. h3 Bxf3 13. Rxf3 Nd7 14. g4 e6 15. Qxd8 Rfxd8 16. c3 Nb6 17. Bb3 a5 18. a4 d5 19. e5 c4 20. Bc2 b3 21. Bb1 cxd3 22. Bxd3 Nc4 23. Nd4 Nxd4 24. cxd4 Rdc8 25. Rb1 Rb4 26. Ra1 Bf8 1/2-1/2

[Event "33.Schlosspark-Open"]
[Site "Wiesbaden-Biebrich"]
[Date "2024.08.23"]
[Round "2.44"]
[White "Faßler, Felix"]
[Black "Surányi, Pál"]
[Result "0-1"]
[WhiteElo "1808"]
[BlackElo "2019"]
[PlyCount "52"]
[EventDate "2024.08.22"]
[WhiteTeam "SC Fulda"]
[BlackTeam "SV 03/25 Koblenz"]

1. e4 c5 2. Nf3 d6 3. Bb5+ Nd7 4. c3 e5 5. d4 Qc7 6. O-O Ngf6 7. Qe2 h6 8. dxe5 dxe5 9. c4 Be7 10. Nc3 O-O 11. Be3 a6 12. Ba4 Rd8 13. Rad1 Nf8 14. Rxd8 Bxd8 15. Rd1 Bg4 16. h3 Bh5 17. g4 Bg6 18. Bc2 Ne6 19. Nd5 Nxd5 20. exd5 Bxc2 21. Qxc2 Nd4 22. Qe4 Bf6 23. b3 Ne2+ 24. Kg2 Nc3 25. d6 Qd7 26. Qd3 e4 0-1

[Event "33.Schlosspark-Open"]
[Site "Wiesbaden-Biebrich"]
[Date "2024.08.23"]
[Round "2.45"]
[White "Neurohr, Jürgen"]
[Black "Denninger, David"]
[Result "1-0"]
[WhiteElo "1999"]
[BlackElo "1787"]
[PlyCount "55"]
[EventDate "2024.08.22"]
[WhiteTeam "Sfr.Mainz 1928"]
[BlackTeam "SC JÄKLECHEMIE Talente Franken e"]

1. c4 c5 2. Nf3 g6 3. e4 d6 4. d4 Bg7 5. d5 Nf6 6. Nc3 Nbd7 7. Be2 O-O 8. O-O Nb6 9. h3 Nfd7 10. Bf4 f5 11. exf5 Rxf5 12. Be3 Ne5 13. Nd2 Rf8 14. f4 Nf7 15. Nf3 e6 16. Qd2 e5 17. fxe5 Nxe5 18. Nxe5 Bxe5 19. Rxf8+ Qxf8 20. Rf1 Bf5 21. g4 Qg7 22. gxf5 gxf5+ 23. Kh1 Kh8 24. Rg1 Qd7 25. Bf4 Re8 26. Bxe5+ dxe5 27. Qh6 Nc8 28. Qf6+ 1-0

[Event "33.Schlosspark-Open"]
[Site "Wiesbaden-Biebrich"]
[Date "2024.08.23"]
[Round "2.46"]
[White "Milman, Sophie"]
[Black "Hendriks, Theo"]
[Result "1/2-1/2"]
[WhiteElo "1574"]
[BlackElo "2014"]
[PlyCount "51"]
[EventDate "2024.08.22"]
[WhiteTeam "VSG 1880 Offenbach"]
[BlackTeam "SV Amstel"]

1. e4 c5 2. Nc3 Nc6 3. f4 g6 4. Nf3 Bg7 5. Bc4 Na5 6. Be2 d6 7. O-O Bg4 8. h3 Bxf3 9. Bb5+ Kf8 10. Qxf3 a6 11. Be2 Bd4+ 12. Kh1 h5 13. e5 Nc6 14. exd6 exd6 15. Ne4 Nh6 16. c3 Bg7 17. Qd3 Nf5 18. Ng3 Nxg3+ 19. Qxg3 Ne7 20. Qf3 d5 21. f5 Nxf5 22. Bd3 Qd7 23. Bxf5 Qxf5 24. Qxf5 gxf5 25. Rxf5 Re8 26. Kg1 1/2-1/2

[Event "33.Schlosspark-Open"]
[Site "Wiesbaden-Biebrich"]
[Date "2024.08.23"]
[Round "2.47"]
[White "Marschner, Thomas"]
[Black "Reiß, Peter"]
[Result "1-0"]
[WhiteElo "1986"]
[BlackElo "1728"]
[PlyCount "35"]
[EventDate "2024.08.22"]
[WhiteTeam "SVG Eppstein 1932"]
[BlackTeam "SV Multatuli Ingelheim e.V."]

1. e4 c5 2. Nc3 Nc6 3. Bb5 Nd4 4. Nf3 Nxb5 5. Nxb5 e6 6. O-O a6 7. Nc3 d6 8. d4 b6 9. Be3 Bb7 10. Qe2 g6 11. Rfd1 Qc7 12. Qd2 Bg7 13. dxc5 dxc5 14. Bf4 Qc8 15. Na4 Qc6 16. Nxb6 Ne7 17. Nxa8 O-O 18. Qd7 1-0

[Event "33.Schlosspark-Open"]
[Site "Wiesbaden-Biebrich"]
[Date "2024.08.23"]
[Round "2.49"]
[White "Boscher, Hans"]
[Black "Froitzheim, Ralf"]
[Result "0-1"]
[WhiteElo "1724"]
[BlackElo "1891"]
[PlyCount "40"]
[EventDate "2024.08.22"]
[WhiteTeam "SC Bad Soden"]
[BlackTeam "SG Niederkassel"]

1. e4 c6 2. d4 d5 3. Nc3 dxe4 4. Nxe4 Nf6 5. Nxf6+ exf6 6. c3 Bd6 7. Bd3 O-O 8. Ne2 Qc7 9. Qc2 g6 10. h3 Nd7 11. Be3 f5 12. g3 Nf6 13. O-O-O Nd5 14. Bd2 b5 15. c4 bxc4 16. Bxc4 Be6 17. Bxd5 Bxd5 18. Rhe1 Rab8 19. b3 Ba3+ 20. Kb1 Be4 0-1

[Event "33.Schlosspark-Open"]
[Site "Wiesbaden-Biebrich"]
[Date "2024.08.23"]
[Round "2.50"]
[White "Boidman, Yuri"]
[Black "Guddat, Fabian"]
[Result "1-0"]
[WhiteElo "2253"]
[BlackElo "1698"]
[PlyCount "109"]
[EventDate "2024.08.22"]
[WhiteTeam "SC Heimbach-Weis/Neuwied e.V."]
[BlackTeam "Bochum"]

1. e4 Nf6 2. Nc3 d5 3. e5 d4 4. exf6 dxc3 5. fxg7 cxd2+ 6. Qxd2 Qxd2+ 7. Bxd2 Bxg7 8. O-O-O O-O 9. Ne2 Bf5 10. Bc3 Nc6 11. Bxg7 Kxg7 12. Ng3 Be6 13. Bb5 Ne5 14. f4 c6 15. Be2 Ng4 16. f5 Nf2 17. fxe6 Nxh1 18. Nxh1 Rad8 19. Rxd8 Rxd8 20. exf7 Kxf7 21. Ng3 Kf6 22. Bd3 Ke5 23. Kd2 h6 24. Ke3 c5 25. Ne4 b6 26. Nf2 Rg8 27. Be4 Rg7 28. h3 h5 29. Nd3+ Kf6 30. Nf4 Rg5 31. Kf3 h4 32. Ng6 c4 33. b4 a5 34. Nxh4 axb4 35. Nf5 e6 36. h4 Rg8 37. Nd6 b3 38. axb3 cxb3 39. cxb3 Rd8 40. Nc4 b5 41. Na3 b4 42. Nc2 Rc8 43. Nxb4 Rc3+ 44. Nd3 Rxb3 45. g4 e5 46. g5+ Kg7 47. Kg4 Rb1 48. h5 Rb6 49. Nxe5 Ra6 50. Ng6 Kh7 51. h6 Ra4 52. Kf4 Rb4 53. Ne5+ Kg8 54. h7+ Kg7 55. Nf7 1-0

[Event "33.Schlosspark-Open"]
[Site "Wiesbaden-Biebrich"]
[Date "2024.08.23"]
[Round "2.51"]
[White "Ohler, Julius"]
[Black "Börsch, Dieter"]
[Result "1-0"]
[WhiteElo "2182"]
[BlackElo "1760"]
[PlyCount "134"]
[EventDate "2024.08.22"]
[WhiteTeam "SC Heimbach-Weis/Neuwied e.V."]
[BlackTeam "SK Bad Homburg 1927"]

1. d4 Nf6 2. Bg5 Ne4 3. Bf4 d5 4. e3 e6 5. Nd2 Nxd2 6. Qxd2 Bd6 7. Bg3 b6 8. Nf3 O-O 9. Bd3 Ba6 10. e4 Bxd3 11. Qxd3 dxe4 12. Qxe4 Nd7 13. Qc6 Bxg3 14. hxg3 Nf6 15. O-O-O Qd6 16. Qxd6 cxd6 17. Rh4 Rfc8 18. Nd2 h6 19. f3 d5 20. g4 Kf8 21. a3 Rc7 22. Nf1 Rac8 23. Ne3 b5 24. Rhh1 a5 25. Kd2 Ke7 26. Kd3 Nd7 27. Rhe1 Kf8 28. Rd2 Nb6 29. Rde2 Nc4 30. Nxc4 bxc4+ 31. Kc3 Rb8 32. Rb1 Rcb7 33. b3 Ke7 34. b4 Kf6 35. Ree1 a4 36. Kd2 Rb5 37. Re5 Rh8 38. Rh1 Rbb8 39. Reh5 Rhg8 40. f4 Rge8 41. Kc3 Kg6 42. g5 hxg5 43. Rxg5+ Kf6 44. Rgh5 Kg6 45. g4 Rb5 46. Re5 Rd8 47. Rhh5 Rd6 48. f5+ exf5 49. Rhxf5 Rd7 50. Re8 Ra7 51. Rd8 Re7 52. Rdxd5 Rxd5 53. Rxd5 Re3+ 54. Kxc4 Rxa3 55. b5 Ra1 56. b6 Rb1 57. Ra5 Rxb6 58. Rxa4 Kg5 59. d5 Rb2 60. Kc3 Rb5 61. Rd4 f5 62. d6 Rb8 63. Rd5 Kxg4 64. d7 Rd8 65. Kd3 Kf4 66. c4 Kg3 67. c5 f4 1-0

[Event "33.Schlosspark-Open"]
[Site "Wiesbaden-Biebrich"]
[Date "2024.08.23"]
[Round "2.52"]
[White "John, Volkmar"]
[Black "Jahnel, Günther"]
[Result "0-1"]
[WhiteElo "1756"]
[BlackElo "2166"]
[PlyCount "78"]
[EventDate "2024.08.22"]
[WhiteTeam "SK Herborn 1946"]
[BlackTeam "FVS ASP Hoyerswerda"]

1. c4 g6 2. g3 Bg7 3. Bg2 e5 4. Nc3 Nc6 5. d3 d6 6. e4 Be6 7. Nge2 Qd7 8. O-O Bh3 9. Nd5 Bxg2 10. Kxg2 Nce7 11. d4 Nxd5 12. cxd5 Nf6 13. f3 O-O 14. dxe5 dxe5 15. Be3 Ne8 16. Bc5 Nd6 17. Rc1 Bh6 18. Rc2 f5 19. exf5 Nxf5 20. Qd3 Rf7 21. f4 Re8 22. fxe5 Rxe5 23. Nc3 b6 24. Bg1 Rfe7 25. Re2 Bg7 26. Rfe1 Rxe2+ 27. Rxe2 Rxe2+ 28. Nxe2 Bxb2 29. Qb3 Be5 30. d6+ Kg7 31. dxc7 Qc6+ 32. Qf3 Qxc7 33. Qd5 h5 34. Kf3 Ne7 35. Qxe5+ Qxe5 36. Bd4 Kf6 37. Bxe5+ Kxe5 38. Ke3 b5 39. Nd4 Nf5+ 0-1